Cơ sở lý luận văn học
Gardado en:
| Formato: | Libro |
|---|---|
| Các nhãn: |
Engadir etiqueta
Sen Etiquetas, Sexa o primeiro en etiquetar este rexistro!
|
| Thư viện lưu trữ: | Mạng thư viện Đại học Đà Nẵng |
|---|
| LEADER | 00621nam a2200205 4500 | ||
|---|---|---|---|
| 001 | 000004336 | ||
| 003 | 474 | ||
| 005 | 20150812140843.0 | ||
| 008 | 110719s sd | ||
| 245 | 0 | 0 | |a Cơ sở lý luận văn học |
| 774 | |d H. |d Đại học và trung học chuyên nghiệp |d 1980 |g Tập 1 |h 477 tr. |w 477 | ||
| 774 | |d H. |d Giáo dục |d 1978 |g Tập 1 |h 188 tr. |t Phần nguyên lý chung |w 6390 | ||
| OWN | |a LSP | ||
| 999 | |a From the UDN01 | ||
| TYP | |a Monograph | ||
| TYP | |a Printed language | ||
| 980 | |a Mạng thư viện Đại học Đà Nẵng | ||